| 000 | 00941cab a22001935a 4500 | ||
|---|---|---|---|
| 001 | L137263 | ||
| 008 | 070327e2007 xxk 000 0 eng d | ||
| 035 | _a(Sirsi) u137263 | ||
| 041 | 0 | _aeng | |
| 100 | 1 | _aRichardson, Sarah | |
| 245 | 0 | 0 | _aKier hoovers its way to the top in February |
| 260 | _c2007 | ||
| 490 |
_aBuilding _v272(8472) 23 March 2007, 20-21(2) |
||
| 520 | _aBarbour ABI's monthly figures show EC Harris heading the table of top quantity surveyors for the 12 months to February 2007. Turner and Townsend were runners up, with Davis Langdon in third place. Balfour Beatty remained at the top of the contractors' league for the same period, with Kier taking first place for monthly work won in February 2007 (excluding civils). Also includes tables for architects and clients/promoters. | ||
| 590 | _aKA | ||
| 651 | 4 |
_aUnited Kingdom _y |
|
| 690 | _aBUILT ENVIRONMENT-QUANTITY SURVEYING-QUANTITY SURVEYORS | ||
| 942 | _n0 | ||
| 999 |
_c78571 _d78571 |
||